000 00305nam a22001337a 4500
008 170926b xxu||||| |||| 00| 0 eng d
020 _a9780312676858
041 _aeng
080 _29TH
_a37
100 _a46
101 _aEDU
245 _aREADING CRITICALLY WRITING WELL
_cHAMILTON,S
942 _2udc
_cBK
999 _c29841
_d29841